Stanovisko presbyterstva Ev. cirkevného zboru a.v. v Martine k ankete Pred evanjelickým festivalom vo Zvolene

Bibliographic Details
Format: Article
Language:Slovak
Subjects:

MARC

LEADER 00000nab a2200000 a 4500
001 vtls000593161
003 SK-MaSNL
005 20260303015922.0
008 140402c1996 xo 0 slo
015 |a SNBRB19rr/mm-uuuuu 
035 |a CL0593300 
040 |a SNKBUCL  |b slo  |c SNKBUCL  |e AACR2 
041 0 |a slo 
044 |a xo  |c SK 
080 |a 284.1:061.3  |2 1981 
245 0 0 |a Stanovisko presbyterstva Ev. cirkevného zboru a.v. v Martine k ankete Pred evanjelickým festivalom vo Zvolene 
650 0 7 |a Slovenská evanjelická cirkev a.v.  |2 snkbucl  |9 942547 
655 7 |a články z novín a časopisov  |2 snkbucl  |9 267496 
773 0 |t Evanjelický posol spod Tatier  |g Roč. 86, č. 30 (1996), s. 234 
850 |a Slovenská národná knižnica v Martine  |a MTA001 
852 |a SNK  |b KIS3GCP 
958 |a RK 
992 |a RBX 
999 |c 1615539  |d 1617469